000
00334 a2200157 4500
001
47231
020
_a
9788572088732
040
_c
Anchieta - Aquarius
100
_a
USBA, Rodrigo
240
1
0
_a
Dois ou um?
_l
por
245
1
0
_a
Dois ou um?
300
_a
36p.
362
0
_a
2014
650
4
_a
Literatura infanto-juvenil
942
_c
BK
999
_c
47231
_d
47231